ნორმალური ფორმატი
MARC ფორმატი
ჩანაწერი Corporate Name
ჩანაწერთა რაოდენობა, რომელიც გამოყენებულია: 1
001 - CONTROL NUMBER
- control field: 17799
003 - CONTROL NUMBER IDENTIFIER
- control field: GE_BSU
005 - DATE AND TIME OF LATEST TRANSACTION
- control field: 20230426105735.0
008 - FIXED-LENGTH DATA ELEMENTS
- fixed length control field: 230426|| aca||aabn | a|a d
040 ## - CATALOGING SOURCE
- Original cataloging agency: GE_BSU
- Transcribing agency: GE_BSU
110 ## - HEADING--CORPORATE NAME
- Corporate name or jurisdiction name as entry element: სოხუმის სახელმწ. უნ-ტი, სსუ საქ. ისტ. და ეთნოლ. ინ-ტი, ექვთიმე თაყაიშვილის სახ. საქ. საისტ. საზ-ბის აფხ. ორგანიზაცია
670 ## - SOURCE DATA FOUND
- Source citation: Work cat.: (GE_BSU): ზურაბ პაპასქირი 17796, ზურაბ პაპასქირი - 60 :
